LEADER 00935nam0-22003131i-450- 001 990001860370403321 005 20021010 035 $a000186037 035 $aFED01000186037 035 $a(Aleph)000186037FED01 035 $a000186037 100 $a20021010d--------km-y0itay50------ba 101 0 $aita 200 1 $aEsperienze sul frumento di nitrazioni tardive$fGuido Sasso. 210 $as.l.$c...$d1958. 215 $a12 p.$d30 cm 225 1 $aRaccolta di memorie$fUniversità degli studi di Torino. Facoltà di scienze agrarie$v201) 300 $aEstr. da: Progresso agricolo, n. 11,1958. 610 0 $aTriticum 676 $a631.523 700 1$aSasso,$bGuido$081610 801 0$aIT$bUNINA$gRICA$2UNIMARC 901 $aBK 912 $a990001860370403321 952 $a60 MISC. B 131/201$b$fFAGBC 959 $aFAGBC 996 $aEsperienze sul frumento di nitrazioni tardive$9402070 997 $aUNINA DB $aING01 LEADER 01597nam--2200421---450- 001 990001506790203316 005 20101129131307.0 010 $a88-217-1530-2 035 $a000150679 035 $aUSA01000150679 035 $a(ALEPH)000150679USA01 035 $a000150679 100 $a20040316d2001----km-y0enga50------ba 101 0 $aita 102 $aIT 105 $ay|||z|||001yy 200 1 $aFormulario del nuovo processo civile$eaggiornamento con le norme sul contributo unificato, le modifiche all'art. 375 c.p.c., la previsione di equa riparazione in caso di violazione del temine ragionevole del processo, le misure contro la violenza nelle relazioni familiari e le nuove disposizioni in tema di adozione$fLuigi Bonavolontà 205 $a6. ed 210 $a[Milanofiori, Assago]$cIPSA$d2001 215 $a1178 p.$d24 cm.$eCD-ROM 225 2 $aFormulari IPSOA 410 0$12001$aFormulari IPSOA 606 0 $aSocietà $xFormulario 676 $a346.45066 700 1$aBONAVOLONTÀ,$bLuigi$0257977 801 0$aIT$bsalbc$gISBD 912 $a990001506790203316 951 $aXXVII.1.B. 19 (IG IX 335 B)$b39594 G.$cXXVII.1.B. 19 (IG IX)$d00094305 959 $aBK 969 $aGIU 979 $aMARIA$b10$c20040316$lUSA01$h1251 979 $aPATRY$b90$c20040406$lUSA01$h1745 979 $aRENATO$b90$c20040617$lUSA01$h0959 979 $aRENATO$b90$c20040617$lUSA01$h1003 979 $aRSIAV2$b90$c20090827$lUSA01$h1509 979 $aRSIAV2$b90$c20101129$lUSA01$h1313 996 $aFormulario del nuovo processo civile$9896352 997 $aUNISA